[Event "Oberliga Nord W 1415"]
[Site "Germany"]
[Date "2014.10.19"]
[Round "2.4"]
[White "Rabeler, Gert"]
[Black "Piepho, Niels"]
[Result "1/2-1/2"]
[WhiteElo "2254"]
[BlackElo "2313"]
[PlyCount "33"]
[EventDate "2014.09.22"]
[EventType "team-tourn"]
[EventRounds "9"]
[EventCountry "GER"]
[SourceTitle "EXT 2016"]
[Source "ChessBase"]
[SourceDate "2015.10.08"]
[SourceVersion "1"]
[SourceVersionDate "2015.10.08"]
[SourceQuality "1"]
[WhiteTeam "Lueneburg Turm"]
[BlackTeam "Hannover"]
[WhiteTeamCountry "GER"]
[BlackTeamCountry "GER"]

1. c4 g6 2. Nc3 Bg7 3. g3 c5 4. Bg2 Nc6 5. Nf3 e6 6. h4 Nge7 7. h5 Nf5 8. d3 Ncd4 9. Nd2 d6 10. Nde4 0-0 11. hxg6 hxg6 12. Bg5 f6 13. Bd2 a6 14. g4 Ne7 15. Bh6 Bxh6 16. Rxh6 Kg7 17. Rh1 1/2-1/2

[Event "Oberliga Nord W 1314"]
[Site "Germany"]
[Date "2014.04.06"]
[Round "9.2"]
[White "Zeitlein, Michael"]
[Black "Rabeler, Gert"]
[Result "1/2-1/2"]
[WhiteElo "2385"]
[BlackElo "2238"]
[PlyCount "34"]
[EventDate "2013.10.13"]
[EventType "team-tourn"]
[EventRounds "9"]
[EventCountry "GER"]
[SourceTitle "EXT 2015"]
[Source "ChessBase"]
[SourceDate "2014.11.20"]
[SourceVersion "1"]
[SourceVersionDate "2014.11.20"]
[SourceQuality "1"]
[WhiteTeam "Bremer SG"]
[BlackTeam "Lueneburg Turm"]
[WhiteTeamCountry "GER"]
[BlackTeamCountry "GER"]

1. d4 Nf6 2. Nf3 c5 3. d5 g6 4. Nc3 Bg7 5. e4 0-0 6. e5 Ng4 7. Bf4 d6 8. exd6 exd6 9. Be2 a6 10. 0-0 Re8 11. Nd2 Ne5 12. Bg3 f5 13. f4 Nf7 14. a4 Nd7 15. a5 b5 16. axb6 Nxb6 17. Nc4 Nxc4 1/2-1/2

[Event "Oberliga Nord W 1314"]
[Site "Germany"]
[Date "2014.03.16"]
[Round "8.4"]
[White "Rabeler, Gert"]
[Black "Hampel, Felix"]
[Result "0-1"]
[WhiteElo "2238"]
[BlackElo "2121"]
[PlyCount "54"]
[EventDate "2013.10.13"]
[EventType "team-tourn"]
[EventRounds "9"]
[EventCountry "GER"]
[SourceTitle "EXT 2015"]
[Source "ChessBase"]
[SourceDate "2014.11.20"]
[SourceVersion "1"]
[SourceVersionDate "2014.11.20"]
[SourceQuality "1"]
[WhiteTeam "Lueneburg Turm"]
[BlackTeam "Lister Turm"]
[WhiteTeamCountry "GER"]
[BlackTeamCountry "GER"]

1. g3 g6 2. Bg2 Bg7 3. d4 d6 4. e4 Nc6 5. d5 Ne5 6. h3 c6 7. Ne2 cxd5 8. exd5 Nf6 9. 0-0 0-0 10. Nd2 Qc7 11. Nd4 Nxd5 12. Nb5 Qb6 13. a4 Nb4 14. Ne4 a6 15. Be3 Qd8 16. Na3 f5 17. Qd2 fxe4 18. Qxb4 Nf3+ 19. Kh1 d5 20. Bb6 Qe8 21. Rad1 Qf7 22. c3 e5 23. Nc2 Be6 24. a5 Rac8 25. Ne3 g5 26. Bxf3 exf3 27. Kh2 Bxh3 0-1

[Event "Oberliga Nord W 1314"]
[Site "Germany"]
[Date "2014.02.23"]
[Round "7.3"]
[White "Rabeler, Gert"]
[Black "Renner, Kai"]
[Result "1/2-1/2"]
[WhiteElo "2238"]
[BlackElo "2211"]
[PlyCount "29"]
[EventDate "2013.10.13"]
[EventType "team-tourn"]
[EventRounds "9"]
[EventCountry "GER"]
[SourceTitle "EXT 2015"]
[Source "ChessBase"]
[SourceDate "2014.11.20"]
[SourceVersion "1"]
[SourceVersionDate "2014.11.20"]
[SourceQuality "1"]
[WhiteTeam "Lueneburg Turm"]
[BlackTeam "Hameln"]
[WhiteTeamCountry "GER"]
[BlackTeamCountry "GER"]

1. c4 f5 2. Nf3 Nf6 3. g3 g6 4. Bg2 Bg7 5. 0-0 0-0 6. Nc3 d6 7. d4 c6 8. d5 Bd7 9. Re1 Na6 10. Nd4 Qb6 11. Na4 Qc7 12. dxc6 bxc6 13. c5 Nxc5 14. Nxc5 dxc5 15. Nb3 1/2-1/2

[Event "Oberliga Nord W 1314"]
[Site "Germany"]
[Date "2014.02.09"]
[Round "6.4"]
[White "Rabeler, Gert"]
[Black "Koelle, Arthur"]
[Result "1-0"]
[WhiteElo "2238"]
[BlackElo "2215"]
[PlyCount "95"]
[EventDate "2013.10.13"]
[EventType "team-tourn"]
[EventRounds "9"]
[EventCountry "GER"]
[SourceTitle "EXT 2015"]
[Source "ChessBase"]
[SourceDate "2014.11.20"]
[SourceVersion "1"]
[SourceVersionDate "2014.11.20"]
[SourceQuality "1"]
[WhiteTeam "Lueneburg Turm"]
[BlackTeam "Hannover SF"]
[WhiteTeamCountry "GER"]
[BlackTeamCountry "GER"]

1. g3 d5 2. Bg2 Nf6 3. Nf3 e6 4. 0-0 Be7 5. b3 0-0 6. Bb2 Nbd7 7. c4 c6 8. d3 Qc7 9. Nc3 dxc4 10. dxc4 e5 11. Qc2 Re8 12. Rfd1 a5 13. Na4 Bf8 14. c5 h6 15. e4 g6 16. Rac1 Kh7 17. Qc4 Kg7 18. Rc2 g5 19. h3 Kg6 20. h4 g4 21. h5+ Kg7 22. Nh4 Kg8 23. Qe2 b5 24. cxb6 Nxb6 25. Nxb6 Qxb6 26. Nf5 a4 27. Rdc1 c5 28. Qe3 axb3 29. axb3 Kh7 30. Bf1 Bxf5 31. exf5 Nxh5 32. Be2 Nf6 33. Bc4 Ra7 34. Re1 Kg8 35. Bxe5 Rxe5 36. Qxe5 Re7 37. Qa1 Ra7 38. Ra2 Rxa2 39. Qxa2 Qb4 40. Re2 Qb7 41. Qa6 Qxa6 42. Bxa6 Kg7 43. Bc4 Nh7 44. Ra2 Ng5 45. Ra6 Be7 46. Rc6 Ne4 47. Kg2 Nf6 48. Kf1 1-0

[Event "Lueneburg blitz op"]
[Site "Lueneburg"]
[Date "2013.07.22"]
[Round "?"]
[White "Schatz, Christian"]
[Black "Rabeler, Gert"]
[Result "1/2-1/2"]
[WhiteElo "2232"]
[BlackElo "2238"]
[PlyCount "53"]
[EventDate "2013.07.22"]
[EventType "swiss (blitz)"]
[EventRounds "9"]
[EventCountry "GER"]
[SourceTitle "EXT 2024"]
[Source "ChessBase"]
[SourceDate "2023.10.10"]
[SourceVersion "1"]
[SourceVersionDate "2023.10.10"]
[SourceQuality "1"]

1. Nf3 c5 2. c4 g6 3. g3 Bg7 4. Bg2 Nc6 5. Nc3 e5 6. 0-0 Nge7 7. d3 0-0 8. a3 a5 9. Ne1 Rb8 10. Nc2 Nd4 11. Ne3 b5 12. b3 d6 13. Bd2 Bd7 14. Ned5 Nxd5 15. Nxd5 bxc4 16. bxc4 a4 17. e3 Nb3 18. Rb1 f5 19. Bc3 h5 20. h4 Kh7 21. Rb2 Qe8 22. Re1 Qf7 23. Qe2 Rfe8 24. Nc7 Re7 25. Nd5 Ree8 26. Nc7 Re7 27. Nd5 1/2-1/2

[Event "Lueneburg distr-chA"]
[Site "Winsen/Luhe"]
[Date "2011.10.20"]
[Round "8.1"]
[White "Carmesin, Matthias"]
[Black "Rabeler, Gert"]
[Result "1/2-1/2"]
[WhiteElo "1896"]
[BlackElo "2229"]
[PlyCount "36"]
[EventDate "2011.10.??"]
[EventType "swiss"]
[EventRounds "9"]
[EventCountry "GER"]
[SourceTitle "EXT 2013"]
[Source "ChessBase"]
[SourceDate "2012.11.22"]
[SourceVersion "1"]
[SourceVersionDate "2012.11.22"]
[SourceQuality "1"]

1. e4 c6 2. d4 Na6 3. Nc3 Nc7 4. g3 h5 5. Nf3 g6 6. Bg2 Bg7 7. Be3 d6 8. Qd2 Nf6 9. h3 b5 10. Ng5 Rb8 11. Ne2 d5 12. e5 Nd7 13. Nf4 Nf8 14. 0-0 Bf5 15. b4 Nfe6 16. Ngxe6 Nxe6 17. Nxe6 Bxe6 18. a4 Qd7 1/2-1/2

[Event "Lueneburg distr-chA"]
[Site "Winsen/Luhe"]
[Date "2011.10.19"]
[Round "7.1"]
[White "Rabeler, Gert"]
[Black "Konow, Philipp"]
[Result "1/2-1/2"]
[WhiteElo "2229"]
[BlackElo "1963"]
[PlyCount "43"]
[EventDate "2011.10.??"]
[EventType "swiss"]
[EventRounds "9"]
[EventCountry "GER"]
[SourceTitle "EXT 2013"]
[Source "ChessBase"]
[SourceDate "2012.11.22"]
[SourceVersion "1"]
[SourceVersionDate "2012.11.22"]
[SourceQuality "1"]

1. g3 d5 2. Bg2 Nf6 3. d3 e6 4. Nd2 Bc5 5. e4 0-0 6. Ngf3 a5 7. 0-0 b5 8. e5 Nfd7 9. d4 Bb6 10. Re1 c5 11. c3 Nc6 12. Nf1 Qc7 13. a3 Qa7 14. Be3 Ba6 15. h4 a4 16. h5 Na5 17. h6 g6 18. dxc5 Nxc5 19. N1h2 Nc4 20. Bxc5 Bxc5 21. Qc2 Rad8 22. Rad1 1/2-1/2

[Event "Lueneburg distr-chA"]
[Site "Winsen/Luhe"]
[Date "2011.10.15"]
[Round "1.1"]
[White "Rabeler, Gert"]
[Black "Kielpinski, Maximilian"]
[Result "1-0"]
[WhiteElo "2229"]
[BlackElo "1953"]
[PlyCount "77"]
[EventDate "2011.10.??"]
[EventType "swiss"]
[EventRounds "9"]
[EventCountry "GER"]
[SourceTitle "EXT 2013"]
[Source "ChessBase"]
[SourceDate "2012.11.22"]
[SourceVersion "1"]
[SourceVersionDate "2012.11.22"]
[SourceQuality "1"]

1. g3 Nf6 2. Bg2 g6 3. e4 d6 4. d4 Bg7 5. Nc3 0-0 6. Nge2 Nbd7 7. h3 e5 8. Be3 h6 9. Qd2 Kh7 10. 0-0-0 c6 11. g4 Qa5 12. Kb1 b5 13. Nc1 b4 14. N3e2 Qb5 15. dxe5 dxe5 16. Ng3 Nc5 17. f3 Na4 18. Bf1 Qb7 19. Nb3 Be6 20. Bd3 Nd7 21. Na5 Qc7 22. Nb3 Rfb8 23. Nf5 Bf8 24. Bxh6 Bxf5 25. Bxf8 Nxf8 26. gxf5 c5 27. Bc4 Rd8 28. Qf2 Qe7 29. Bd5 Rac8 30. Na5 Kg7 31. Nc6 Rxc6 32. Bxc6 Rxd1+ 33. Rxd1 Nb6 34. b3 c4 35. h4 c3 36. h5 g5 37. h6+ Kh7 38. Qe3 f6 39. Qd3 1-0

[Event "Pinneberg-ch"]
[Site "Pinneberg"]
[Date "2009.09.03"]
[Round "2"]
[White "Rabeler, Gert"]
[Black "Kurzynsky, Mirko"]
[Result "1/2-1/2"]
[WhiteElo "2267"]
[BlackElo "2014"]
[PlyCount "77"]
[EventDate "2009.08.27"]
[EventType "swiss"]
[EventRounds "7"]
[EventCountry "GER"]
[SourceTitle "EXT 2012"]
[Source "ChessBase"]
[SourceDate "2011.11.24"]
[SourceVersion "1"]
[SourceVersionDate "2011.11.24"]
[SourceQuality "1"]

1. d4 Nf6 2. c4 g6 3. Nc3 d5 4. Bg5 Ne4 5. Bh4 Nxc3 6. bxc3 Bg7 7. e3 c6 8. Nf3 0-0 9. Be2 Re8 10. 0-0 Nd7 11. cxd5 cxd5 12. Qb3 Qa5 13. Qb4 Qd8 14. Rab1 Nf6 15. Bb5 Rf8 16. Bd3 b6 17. Ne5 Bb7 18. a4 Rb8 19. Rfc1 e6 20. h3 Qc8 21. Bb5 a6 22. Bf1 Ne4 23. c4 Bxe5 24. dxe5 Qd7 25. Qxb6 Nd2 26. Qd4 Nxb1 27. Bf6 Rfc8 28. Rxb1 Qxa4 29. Be7 Ba8 30. Ra1 Qc6 31. c5 Bb7 32. h4 Qd7 33. Bd6 Ra8 34. h5 a5 35. Qh4 Re8 36. hxg6 hxg6 37. Bd3 a4 38. Ra3 Bc6 39. Bc2 1/2-1/2

[Event "Pinneberg-ch"]
[Site "Pinneberg"]
[Date "2007.10.04"]
[Round "6"]
[White "Rabeler, Gert"]
[Black "Kuhn, Gerd"]
[Result "1/2-1/2"]
[WhiteElo "2257"]
[BlackElo "2232"]
[PlyCount "63"]
[EventDate "2007.08.30"]
[EventType "swiss"]
[EventRounds "7"]
[EventCountry "GER"]
[SourceTitle "CBM 120 Extra"]
[Source "ChessBase"]
[SourceDate "2007.11.01"]
[SourceVersion "1"]
[SourceVersionDate "2007.11.01"]
[SourceQuality "1"]

1. g3 d5 2. Bg2 e5 3. d3 c6 4. Nf3 Nd7 5. 0-0 Ngf6 6. e4 dxe4 7. dxe4 Bc5 8. Nc3 0-0 9. Qe2 Qc7 10. h3 Re8 11. Nh4 Nf8 12. Na4 Bd6 13. Bg5 N8d7 14. Nf5 Bf8 15. Qf3 Re6 16. Rad1 b5 17. Nc3 a5 18. Rfe1 Nc5 19. Bf1 Ne8 20. g4 f6 21. Bc1 Nd6 22. b3 Ba6 23. a4 bxa4 24. Bxa6 Rxa6 25. Nxa4 Nxa4 26. bxa4 Rb6 27. Bd2 Nc4 28. Bc3 Re8 29. Qe2 Qf7 30. Ne3 Nxe3 31. Qxe3 Reb8 32. Bxa5 1/2-1/2

[Event "Pinneberg-ch"]
[Site "Pinneberg"]
[Date "2007.08.30"]
[Round "1"]
[White "Ridinger, Peter"]
[Black "Rabeler, Gert"]
[Result "0-1"]
[WhiteElo "2021"]
[BlackElo "2257"]
[PlyCount "90"]
[EventDate "2007.08.30"]
[EventType "swiss"]
[EventRounds "7"]
[EventCountry "GER"]
[SourceTitle "CBM 120 Extra"]
[Source "ChessBase"]
[SourceDate "2007.11.01"]
[SourceVersion "1"]
[SourceVersionDate "2007.11.01"]
[SourceQuality "1"]

1. e4 c5 2. Nc3 Nc6 3. g3 g6 4. Bg2 Bg7 5. d3 d6 6. Be3 e6 7. Qd2 Qa5 8. Nge2 Nd4 9. Nc1 Ne7 10. 0-0 0-0 11. Nb3 Qc7 12. f4 Bd7 13. Nd1 Ba4 14. Nc3 Bc6 15. Nd1 a5 16. c3 Nb5 17. a4 Na7 18. Nc1 b5 19. axb5 Nxb5 20. Ne2 f5 21. Nf2 Qb7 22. Rfb1 a4 23. Qd1 Rfb8 24. g4 Kh8 25. c4 Nd4 26. Bxd4 cxd4 27. gxf5 gxf5 28. Ng3 Ng6 29. Nh3 Bh6 30. Qf1 Nh4 31. Bh1 Rg8 32. Kf2 Raf8 33. exf5 Nxf5 34. Bxc6 Qxc6 35. Qe2 Ne3 36. Qf3 Qd7 37. Qh5 Bxf4 38. Nxf4 Rxf4+ 39. Ke2 Rgf8 40. Ne4 R8f5 41. Qh6 Qf7 42. Rg1 Rf2+ 43. Nxf2 Rxf2+ 44. Ke1 Nc2+ 45. Kd1 Nxa1 0-1

[Event "Oberliga Nord N 0607"]
[Site "Germany"]
[Date "2007.04.22"]
[Round "9.5"]
[White "Rabeler, Gert"]
[Black "Hoffmann, Michael2222"]
[Result "1/2-1/2"]
[WhiteElo "2257"]
[BlackElo "2226"]
[PlyCount "74"]
[EventDate "2006.10.15"]
[EventType "team-tourn"]
[EventRounds "9"]
[EventCountry "GER"]
[SourceTitle "EXT 2019"]
[Source "ChessBase"]
[SourceDate "2018.10.10"]
[SourceVersion "1"]
[SourceVersionDate "2018.10.10"]
[SourceQuality "1"]
[WhiteTeam "Pinneberg"]
[BlackTeam "Kiel Meerbauer"]
[WhiteTeamCountry "GER"]
[BlackTeamCountry "GER"]

1. g3 g6 2. Bg2 Bg7 3. Nf3 e5 4. 0-0 Ne7 5. c4 0-0 6. Nc3 Nbc6 7. d3 h6 8. e4 d6 9. Be3 f5 10. Nd5 Nxd5 11. cxd5 Ne7 12. Rc1 Kh7 13. b4 Bd7 14. a4 g5 15. exf5 Bxf5 16. Qd2 c6 17. dxc6 bxc6 18. b5 cxb5 19. axb5 Rb8 20. h3 Rxb5 21. g4 Bg6 22. Bxa7 Qd7 23. Be3 Rc8 24. Qe2 Rb3 25. Rxc8 Qxc8 26. Rd1 Qc3 27. Ne1 Rb2 28. Rd2 Rxd2 29. Qxd2 Qb3 30. Be4 d5 31. Bxg6+ Nxg6 32. Qc2 Qb7 33. Qe2 Qb5 34. Kf1 Qc6 35. Kg1 Qf6 36. Bd2 Nh4 37. Kf1 Qe6 1/2-1/2

[Event "Oberliga Nord N 0506"]
[Site "Germany"]
[Date "2005.10.23"]
[Round "1.4"]
[White "Leisner, Hannes"]
[Black "Rabeler, Gert"]
[Result "0-1"]
[WhiteElo "2000"]
[BlackElo "2267"]
[PlyCount "50"]
[EventDate "2005.10.23"]
[EventType "team-tourn"]
[EventRounds "9"]
[EventCountry "GER"]
[SourceTitle "EXT 2007"]
[Source "ChessBase"]
[SourceDate "2006.11.23"]
[SourceVersion "1"]
[SourceVersionDate "2006.11.23"]
[SourceQuality "1"]
[WhiteTeam "Schwerin"]
[BlackTeam "Pinneberg"]
[WhiteTeamCountry "GER"]
[BlackTeamCountry "GER"]

1. b3 c5 2. Bb2 Nc6 3. Nf3 d6 4. g3 e5 5. d3 f5 6. Bg2 Nf6 7. 0-0 Be7 8. Nbd2 0-0 9. c4 Kh8 10. e3 Qe8 11. Ne1 f4 12. exf4 exf4 13. Nc2 Bg4 14. f3 Bf5 15. Ne4 d5 16. Nxf6 Bxf6 17. Bxf6 Rxf6 18. cxd5 Ne7 19. g4 Bg6 20. Re1 Qd8 21. d4 cxd4 22. Nxd4 Nxd5 23. Qd2 Ne3 24. Qb2 Rd6 25. Ne2 Rd2 0-1

[Event "Oberliga Nord N 0405"]
[Site "Germany"]
[Date "2005.03.13"]
[Round "8.4"]
[White "Rabeler, Gert"]
[Black "Hoffmann, Michael2222"]
[Result "0-1"]
[WhiteElo "2277"]
[BlackElo "2054"]
[PlyCount "75"]
[EventDate "2004.10.24"]
[EventType "team-tourn"]
[EventRounds "9"]
[EventCountry "GER"]
[SourceTitle "EXT 2006"]
[Source "ChessBase"]
[SourceDate "2005.11.24"]
[SourceVersion "1"]
[SourceVersionDate "2005.11.24"]
[SourceQuality "1"]
[WhiteTeam "Pinneberg"]
[BlackTeam "Kiel Meerbauer"]
[WhiteTeamCountry "GER"]
[BlackTeamCountry "GER"]

1. g3 e5 2. Bg2 d5 3. c4 d4 4. b4 Nf6 5. Qb3 Be7 6. d3 Nbd7 7. a3 c6 8. Nd2 a5 9. Rb1 Qc7 10. Ngf3 0-0 11. 0-0 Re8 12. Ne1 Nf8 13. Nc2 Ng6 14. Re1 h5 15. Nf3 h4 16. Bd2 hxg3 17. hxg3 axb4 18. axb4 Bf5 19. Ra1 Nh5 20. Reb1 Qd7 21. Ra5 Bf6 22. Bg5 Bh3 23. Bxf6 Bxg2 24. Kxg2 gxf6 25. Rh1 Qg4 26. Kf1 b6 27. Ra4 f5 28. Qa3 Rad8 29. Qc1 f4 30. gxf4 Nhxf4 31. Nce1 e4 32. dxe4 Rxe4 33. Ra2 Rde8 34. Qd1 c5 35. bxc5 bxc5 36. Ng1 R4e6 37. Rh2 Nh4 38. Nd3 0-1

[Event "Oberliga Nord N 0405"]
[Site "Germany"]
[Date "2005.01.16"]
[Round "5.4"]
[White "Zierke, Oliver"]
[Black "Rabeler, Gert"]
[Result "1/2-1/2"]
[WhiteElo "2288"]
[BlackElo "2277"]
[PlyCount "54"]
[EventDate "2004.10.24"]
[EventType "team-tourn"]
[EventRounds "9"]
[EventCountry "GER"]
[SourceTitle "EXT 2006"]
[Source "ChessBase"]
[SourceDate "2005.11.24"]
[SourceVersion "1"]
[SourceVersionDate "2005.11.24"]
[SourceQuality "1"]
[WhiteTeam "Norderstedt"]
[BlackTeam "Pinneberg"]
[WhiteTeamCountry "GER"]
[BlackTeamCountry "GER"]

1. d4 c5 2. d5 Nf6 3. Nf3 g6 4. c4 b5 5. cxb5 a6 6. Nc3 axb5 7. d6 exd6 8. e4 Bb7 9. Bxb5 Nxe4 10. Nxe4 Bxe4 11. 0-0 Be7 12. Bh6 Ra5 13. Bc4 Bf5 14. Bg7 Rg8 15. Bc3 Ra7 16. Qd2 Be6 17. b3 Nc6 18. a4 h5 19. a5 h4 20. Rfe1 g5 21. h3 g4 22. hxg4 Rxg4 23. Qh6 Ra8 24. Qh7 Kf8 25. Qh6+ Ke8 26. Qh7 Kf8 27. Qh6+ Ke8 1/2-1/2

[Event "Oberliga Nord N 0304"]
[Site "Germany"]
[Date "2004.02.19"]
[Round "6.5"]
[White "Sislian, Hanno"]
[Black "Rabeler, Gert"]
[Result "1-0"]
[WhiteElo "2245"]
[BlackElo "2296"]
[PlyCount "55"]
[EventDate "2003.10.12"]
[EventType "team-tourn"]
[EventRounds "9"]
[EventCountry "GER"]
[SourceTitle "EXT 2005"]
[Source "ChessBase"]
[SourceDate "2004.11.15"]
[SourceVersion "1"]
[SourceVersionDate "2004.11.15"]
[SourceQuality "1"]
[WhiteTeam "Norderstedt"]
[BlackTeam "Pinneberg"]
[WhiteTeamCountry "GER"]
[BlackTeamCountry "GER"]

1. e4 c5 2. Nf3 Nc6 3. d4 cxd4 4. Nxd4 Nf6 5. Nc3 d6 6. Bg5 e6 7. Qd2 Be7 8. 0-0-0 0-0 9. f4 Nxd4 10. Qxd4 Qa5 11. Bc4 Bd7 12. e5 dxe5 13. fxe5 Bc6 14. Bd2 Nd7 15. Nd5 Qd8 16. Nxe7+ Qxe7 17. Rhe1 Rfc8 18. Qg4 Nf8 19. Bd3 a5 20. h4 Ng6 21. g3 Qc7 22. Bc3 b5 23. h5 Nf8 24. Bd2 Bd5 25. Bh6 g6 26. Qf4 Nd7 27. Kb1 Rab8 28. Rf1 1-0